000 00551nam a2200193Ia 4500
003 GCL
008 140319s9999 xx 000 0 ara d
020 _a5048411977
040 _aGCL /
_cGCL
082 0 4 _a813.03
_bن ر
100 1 _aنجيب محفوظ
245 1 0 _aرحلة ابن فطومة /
_cنجيب محفوظ
260 _aالقاهرة :
_bمكتبة مصر ،
_c1988
300 _a159 ص ؛
_c20 سم
650 0 4 _aالادب العربى
650 0 4 _aالقصة العربية
650 0 4 _aنجيب محفوظ
942 _2ddc
_cBK
999 _c2085
_d2085